| 000 | 00410nam a22001577a 4500 | ||
|---|---|---|---|
| 999 |
_c529051 _d529051 |
||
| 003 | NUST | ||
| 038 | _aMSOHAIL | ||
| 082 |
_a891.4391 _bAHM |
||
| 100 |
_a شھزاد ِاحمد _9100 |
||
| 245 |
_aٹوٹاھواپَل۔۔۔ _bToota Howa Pal _cShahza Ahmad |
||
| 250 | _aVol- 1 & 2 | ||
| 260 |
_aLAHORE _bIlm o Irfan Publisher _c2010 |
||
| 300 | _a200,p; | ||
| 650 |
_aURDU ADAB-NOVEL _920918 |
||
| 942 |
_cBK _2ddc |
||